000 00235 a2200085 4500
020 _a9780367761271
100 _a Benny Raphael
245 _aConstruction and Building Automation: From Concepts to Implementation
260 _bRoutledge
_c2022
999 _c13495
_d13495